LDR 00687naa#a2200181#i#450# 001 EN\\bibl\116538 005 20260703050012.5 011 ## _a2227-1171 100 ## _a20260630b2026####ek#y0engy0150####ca 102 ## _aRU 200 1# _aHOUSING ALLOWANCE FOR CITY POLICE OFFICERS AT THE END OF THE 19TH CENTURY _eJournal article 210 1# _aKazan _cKazan law institute Ministry of Internal Affairs Russian Federation _d2026 215 ## _a8 с. 608 ## _aJournal article _2local 675 ## _aОрганы охраны общественного порядка. Милиция. Полиция. 351.74 _z 700 #1 _aKuznecov _gVadim Vadimovich 700 #1 _aIgnatiev _gNikita Olegovich 856 4# _avestnikkui.ru _u